Представление документа в формате MARC21

Поле Инд. ПП Название Значение
Тип записи a
Библиографический уровень m
001 Контрольный номер 9a763943-149a-41d1-ab11-d61cd8b8c3e3
005 Дата корректировки 20140227025710.8
008 Кодируемые данные 050927
020 c Цена, тираж 20.00
040 a Служба первич. каталог. НБ ТвГУ
041 a Код языка текста rus
080 a Индекс УДК 76.03
a Индекс УДК 76.071.1(470)
a Индекс УДК 929Фаворский
084 a Индекс другой классификации/Индекс ББК Щ153(2Рос=411.2)6-8Фаворский
a Индекс другой классификации/Индекс ББК Щ155
a Индекс другой классификации/Индекс ББК Щ157
090 a Полочн. индекс 76
x Авторский знак Ф13
100 1_ a Автор Фаворский Владимир Андреевич
245 00 a Заглавие Рассказы художника-гравера
c Ответственность В. А. Фаворский ; [предисл. А. Гончарова, В. Эльконина]
260 0_ a Место издания Москва
b Издательство Детская литература
c Дата издания 1965
300 a Объем 101, [2] с.
b Иллюстрации/ тип воспроизводства ил., портр.
440 a Серия В мире прекрасного
583 a Действие Приписка 279 26.09.2005
k Исполнитель действия Дар читателя
650 a Основная рубрика Фаворский, Владимир Андреевич, о нем
650 a Основная рубрика Графика
x Основная подрубрика История
y Хронологическая подрубрика 20 в.
z Географическая подрубрика Россия
650 a Основная рубрика Русская графика
650 a Основная рубрика Гравюра
650 a Основная рубрика Книжная графика
653 a Ключевые слова Гравюра
a Ключевые слова Графика
a Ключевые слова История графики
a Ключевые слова Книжная графика
a Ключевые слова Персоналии
a Ключевые слова Русская графика
a Ключевые слова Фаворский
700 1_ a Другие авторы Гончаров А.
e Роль лиц авт. предисл.
700 1_ a Другие авторы Элдьконин В.
e Роль лиц авт. предисл.
852 t Порядковый номер экземпляра 1
p Инвентарный номер 819375
852 t Порядковый номер экземпляра 1
p Инвентарный номер 332047
888 a бесплатно
930 a Новая/Ретро персоналии
952 p 279.2005 20.00 1 819375
c Вид литературы К рн
954 a Дата поступления на обработку 20050930
999 a Подразделение 2 ОРК
a Подразделение 2 орк